|
|
|
|
| LEADER |
00000nam0a2200000 4500 |
| 001 |
199069 |
| 005 |
20231101224847.0 |
| 010 |
|
|
|b 8000 экз.
|
| 035 |
|
|
|a (RuTPU)RU\TPU\book\217090
|
| 090 |
|
|
|a 199069
|
| 100 |
|
|
|a 20110721d1955 km y0rusy50 ca
|
| 101 |
0 |
|
|a rus
|
| 102 |
|
|
|a RU
|
| 105 |
|
|
|a y z 100zy
|
| 200 |
1 |
|
|a Всесоюзная конференция по железобетону и бетону
|e сокращенный стенографический отчет, Москва, 30 мая-3 июня 1955 г.
|e (Пленарные заседания)
|f СССР, Государственный комитет по делам строительства (Госстрой СССР) ; Научно-техническое общество строительной промышленности СССР ; Всесоюзная конференция по железобетону и бетону
|
| 210 |
|
|
|a Москва
|c Гос. изд-во литературы по строительству и архитектуре
|d 1955
|
| 215 |
|
|
|a 140 с.
|
| 464 |
|
|
|t Применение железобетонных и бетонных конструкций в промышленном строительстве
|f К. Н. Карташов
|
| 610 |
1 |
|
|a строительные конструкции
|
| 610 |
1 |
|
|a строительные материалы
|
| 610 |
1 |
|
|a сборные железобетонные конструкции
|
| 610 |
1 |
|
|a бетон
|
| 610 |
1 |
|
|a применение
|
| 610 |
1 |
|
|a выпускники ТПУ
|
| 610 |
1 |
|
|a доклады
|
| 610 |
1 |
|
|a конференции
|
| 675 |
|
|
|a 691.328(063)
|v 3
|
| 712 |
0 |
1 |
|a СССР
|b Государственный комитет по делам строительства (Госстрой СССР)
|c (1950-1991)
|2 stltpush
|3 (RuTPU)RU\TPU\col\7934
|
| 712 |
0 |
2 |
|a Научно-техническое общество строительной промышленности СССР
|2 stltpush
|3 (RuTPU)RU\TPU\col\17411
|9 26609
|
| 712 |
0 |
2 |
|a Всесоюзная конференция по железобетону и бетону
|e Москва
|f 30 мая-3 июня 1955 г.
|
| 801 |
|
1 |
|a RU
|b 63413507
|c 20110721
|
| 801 |
|
2 |
|a RU
|b 63413507
|c 20130527
|g RCR
|
| 942 |
|
|
|c BK
|